[Event "Mitropa Cup 21st"]
[Site "Leipzig"]
[Date "2002.05.08"]
[Round "6.1"]
[White "Pira, Davoud"]
[Black "Kalod, Radek"]
[Result "0-1"]
[WhiteElo "2434"]
[BlackElo "2472"]
[PlyCount "136"]
[EventDate "2002.05.03"]
[EventType "team-tourn"]
[EventRounds "9"]
[EventCountry "GER"]
[Source "ChessBase"]
[SourceDate "2002.08.12"]
[WhiteTeam "France"]
[BlackTeam "Czech Republic"]
[WhiteTeamCountry "FRA"]
[BlackTeamCountry "CZE"]

1. d4 Nf6 2. Nf3 g6 3. c4 Bg7 4. Nc3 d5 5. cxd5 Nxd5 6. e4 Nxc3 7. bxc3 c5 8.
Rb1 O-O 9. Be2 b6 10. O-O Bb7 11. Qd3 Ba6 12. Qe3 Bxe2 13. Qxe2 cxd4 14. cxd4
Nc6 15. d5 Na5 16. Rd1 Rc8 17. Bb2 Bxb2 18. Rxb2 Qd7 19. Rb4 Rc5 20. Rbd4 Rfc8
21. e5 Rc1 22. h4 R8c2 23. Qe3 Rxd1+ 24. Rxd1 Nb7 25. h5 Rc8 26. hxg6 hxg6 27.
Qh6 Qg4 28. Rd4 Qh5 29. Qe3 Qf5 30. Rh4 Qb1+ 31. Kh2 Rc1 32. Qh6 Rh1+ 33. Kg3
Rxh4 34. Qxh4 Qd3 35. Kh3 Nc5 36. Qxe7 Qxd5 37. Qxa7 Qe6+ 38. Kh2 Kg7 39. Qa3
Qc4 40. Qb2 Nd3 41. Qd2 Qe4 42. Qg5 Nxf2 43. Qf6+ Kg8 44. Qd8+ Kg7 45. Qf6+ Kg8
46. Qxb6 Qf4+ 47. Kg1 Ng4 48. Qc5 Qe4 49. Qb6 Qc2 50. Qd8+ Kg7 51. Qd2 Qb1+ 52.
Ne1 Nxe5 53. Kh2 Ng4+ 54. Kg3 Nf6 55. Kh2 Qb8+ 56. Kh1 Nh5 57. Kg1 Qb6+ 58. Qf2
Qb1 59. Kh2 Nf6 60. Qe2 Ne4 61. Nf3 Qb8+ 62. Kg1 Qb6+ 63. Kh2 Qc7+ 64. Kg1 Qc1+
65. Kh2 Qf4+ 66. Kg1 g5 67. a4 g4 68. Nh2 f5 0-1

[Event "Mitropa Cup 21st"]
[Site "Leipzig"]
[Date "2002.05.08"]
[Round "6.2"]
[White "Gross, David"]
[Black "Touzane, Olivier"]
[Result "1/2-1/2"]
[WhiteElo "2472"]
[BlackElo "2352"]
[PlyCount "95"]
[EventDate "2002.05.03"]
[EventType "team-tourn"]
[EventRounds "9"]
[EventCountry "GER"]
[Source "ChessBase"]
[SourceDate "2002.08.12"]
[WhiteTeam "Czech Republic"]
[BlackTeam "France"]
[WhiteTeamCountry "CZE"]
[BlackTeamCountry "FRA"]

1. e4 c5 2. Nf3 d6 3. d4 cxd4 4. Nxd4 Nf6 5. Nc3 a6 6. f4 e6 7. Qf3 Qb6 8. Nb3
Qc7 9. g4 b5 10. g5 Nfd7 11. Be3 b4 12. Ne2 Bb7 13. Bg2 d5 14. Qh3 dxe4 15. g6
Nf6 16. Ned4 Bd5 17. gxf7+ Qxf7 18. f5 exf5 19. Nxf5 Nbd7 20. O-O Rc8 21. Nbd4
Qg6 22. Rad1 Qg4 23. Qxg4 Nxg4 24. Bf4 g6 25. Nd6+ Bxd6 26. Bxd6 Ne3 27. Rde1
Nxf1 28. Bxe4 Bxe4 29. Rxe4+ Kf7 30. Re7+ Kf6 31. Rxd7 Nd2 32. Bxb4 Ne4 33. c3
h5 34. Rb7 Rb8 35. Be7+ Kf7 36. Ra7 Ra8 37. Rb7 Rhb8 38. Rc7 Rc8 39. Rb7 Re8
40. Bg5+ Kg8 41. Bh6 Rab8 42. Rg7+ Kh8 43. Nc6 Rxb2 44. Ne7 Rb1+ 45. Kg2 Rb2+
46. Kg1 Rb1+ 47. Kg2 Rb2+ 48. Kg1 1/2-1/2

[Event "Mitropa Cup 21st"]
[Site "Leipzig"]
[Date "2002.05.08"]
[Round "6.3"]
[White "Dunis, Aurelien"]
[Black "Rasik, Vitezslav"]
[Result "1-0"]
[WhiteElo "2405"]
[BlackElo "2424"]
[PlyCount "53"]
[EventDate "2002.05.03"]
[EventType "team-tourn"]
[EventRounds "9"]
[EventCountry "GER"]
[Source "ChessBase"]
[SourceDate "2002.08.12"]
[WhiteTeam "France"]
[BlackTeam "Czech Republic"]
[WhiteTeamCountry "FRA"]
[BlackTeamCountry "CZE"]

1. e4 c5 2. Nf3 a6 3. c3 d6 4. d4 Qc7 5. Bd3 g6 6. O-O Bg7 7. h3 Nd7 8. Qe2 e6
9. Bf4 e5 10. Bh2 Ngf6 11. Nbd2 Nh5 12. a4 b6 13. Nc4 O-O 14. Rfd1 Bb7 15. dxe5
Nxe5 16. g4 Nf6 17. Nfxe5 dxe5 18. Bxe5 Qc6 19. f3 Nd7 20. Bg3 Rfe8 21. Nd6 Re7
22. Bc4 Nf6 23. e5 b5 24. axb5 axb5 25. Bxb5 Qb6 26. Rxa8+ Bxa8 27. Nc8 1-0

[Event "Mitropa Cup 21st"]
[Site "Leipzig"]
[Date "2002.05.08"]
[Round "6.1"]
[White "Lutz, Christopher"]
[Black "Kortschnoj, Viktor"]
[Result "1/2-1/2"]
[WhiteElo "2644"]
[BlackElo "2635"]
[PlyCount "53"]
[EventDate "2002.05.03"]
[EventType "team-tourn"]
[EventRounds "9"]
[EventCountry "GER"]
[Source "ChessBase"]
[SourceDate "2002.08.12"]
[WhiteTeam "Germany"]
[BlackTeam "Switzerland"]
[WhiteTeamCountry "GER"]
[BlackTeamCountry "SUI"]

1. e4 e6 2. d4 d5 3. Nc3 Nf6 4. Bg5 dxe4 5. Nxe4 Nbd7 6. Nxf6+ Nxf6 7. Nf3 h6
8. Bh4 c5 9. Bc4 cxd4 10. O-O Bd7 11. Qe2 Bd6 12. Rad1 Qc7 13. Rxd4 Bc6 14. Bb5
Be7 15. Ne5 O-O 16. Bxc6 bxc6 17. Rc4 c5 18. Nd3 Qa5 19. a3 Rac8 20. Qe1 Qxe1
21. Rxe1 g5 22. Bg3 Nd5 23. Ra4 Ra8 24. Ne5 Rfe8 25. Nc4 Nb6 26. Nxb6 axb6 27.
Rxa8 1/2-1/2

[Event "Mitropa Cup 21st"]
[Site "Leipzig"]
[Date "2002.05.08"]
[Round "6.2"]
[White "Forster, Richard"]
[Black "Huebner, Robert"]
[Result "1/2-1/2"]
[WhiteElo "2459"]
[BlackElo "2628"]
[PlyCount "77"]
[EventDate "2002.05.03"]
[EventType "team-tourn"]
[EventRounds "9"]
[EventCountry "GER"]
[Source "ChessBase"]
[SourceDate "2002.08.12"]
[WhiteTeam "Switzerland"]
[BlackTeam "Germany"]
[WhiteTeamCountry "SUI"]
[BlackTeamCountry "GER"]

1. e4 e6 2. d4 d5 3. Nd2 c5 4. Ngf3 Nf6 5. Bb5+ Bd7 6. Bxd7+ Qxd7 7. exd5 Qxd5
8. c4 Qd7 9. Ne5 Qxd4 10. Qa4+ Nc6 11. Ndf3 Qe4+ 12. Be3 Ng4 13. Nxg4 Qxg4 14.
O-O Bd6 15. Rfd1 O-O-O 16. a3 a6 17. h3 Qf5 18. b4 cxb4 19. Bb6 Bc7 20. Bxc7
Rxd1+ 21. Rxd1 Kxc7 22. axb4 Rd8 23. Re1 Qf4 24. Qa2 Kb6 25. Ra1 Ka7 26. b5 Nb8
27. c5 Rd5 28. Qa5 Ka8 29. bxa6 Nxa6 30. Qb6 Qf6 31. Rxa6+ bxa6 32. c6 Rd1+ 33.
Kh2 Qf4+ 34. g3 Qb8 35. Qxa6+ Qa7 36. Qc8+ Qb8 37. Qa6+ Qa7 38. Qc8+ Qb8 39.
Qa6+ 1/2-1/2

[Event "Mitropa Cup 21st"]
[Site "Leipzig"]
[Date "2002.05.08"]
[Round "6.3"]
[White "Sarno, Spartaco"]
[Black "Mohr, Georg"]
[Result "0-1"]
[WhiteElo "2399"]
[BlackElo "2509"]
[PlyCount "126"]
[EventDate "2002.05.03"]
[EventType "team-tourn"]
[EventRounds "9"]
[EventCountry "GER"]
[Source "ChessBase"]
[SourceDate "2002.08.12"]
[WhiteTeam "Italy"]
[BlackTeam "Slovenia"]
[WhiteTeamCountry "ITA"]
[BlackTeamCountry "SLO"]

1. c4 Nf6 2. Nf3 c5 3. g3 Nc6 4. Bg2 d5 5. O-O d4 6. d3 e5 7. e4 Be7 8. Ne1 O-O
9. f4 Ne8 10. Nf3 f6 11. f5 Nd6 12. h4 a6 13. Rf2 b5 14. b3 Bd7 15. g4 Nf7 16.
Bf1 Rb8 17. Rg2 h6 18. Be2 bxc4 19. bxc4 Rb6 20. Nbd2 Qb8 21. a3 Rc8 22. Qe1
Kf8 23. Bd1 Na5 24. Bc2 Qc7 25. Qg3 Rcb8 26. Kh2 Ke8 27. Ng1 Bc6 28. Nh3 Qd7
29. Qe1 Ba4 30. Qd1 Bxc2 31. Qxc2 Qc6 32. Ra2 Nb3 33. Nxb3 Rxb3 34. Qe2 Rb1 35.
Rg1 Qa4 36. Qf3 R8b3 37. Qd1 Qa5 38. Nf2 Rc3 39. Qd2 Qa4 40. Rb2 Ra1 41. Kg2
Bd8 42. Ra2 Rxa2 43. Qxa2 Qc2 44. Qxc2 Rxc2 45. Kf3 a5 46. Nh3 a4 47. g5 hxg5
48. hxg5 fxg5 49. Bxg5 Nxg5+ 50. Nxg5 Rd2 51. Ne6 Rxd3+ 52. Kg4 Rxa3 53. Rh1
Be7 54. Nxg7+ Kd7 55. Rh7 d3 56. Rh2 Ra1 57. Nh5 a3 58. Rd2 a2 59. Ng3 Ke8 60.
Rb2 Bd8 61. Rh2 Ba5 62. Rh8+ Kf7 63. Rh7+ Kg8 0-1

[Event "Mitropa Cup 21st"]
[Site "Leipzig"]
[Date "2002.05.09"]
[Round "7.1"]
[White "Balinov, Ilija"]
[Black "Stevic, Hrvoje"]
[Result "1-0"]
[WhiteElo "2460"]
[BlackElo "2523"]
[PlyCount "83"]
[EventDate "2002.05.03"]
[EventType "team-tourn"]
[EventRounds "9"]
[EventCountry "GER"]
[Source "ChessBase"]
[SourceDate "2002.08.12"]
[WhiteTeam "Austria"]
[BlackTeam "Croatia"]
[WhiteTeamCountry "AUT"]
[BlackTeamCountry "CRO"]

1. d4 d5 2. c4 dxc4 3. Nf3 Nf6 4. Nc3 a6 5. e4 b5 6. e5 Nd5 7. a4 e6 8. axb5
Nb6 9. Be3 Bb7 10. bxa6 Rxa6 11. Rxa6 Nxa6 12. Bxc4 Nxc4 13. Qa4+ Qd7 14. Qxc4
Nb4 15. Qb5 Qxb5 16. Nxb5 Bc6 17. Nc3 Be7 18. Kd2 Kd7 19. Ra1 Rb8 20. Ne1 Nd5
21. Nd3 Nxc3 22. bxc3 Bxg2 23. Rg1 Be4 24. Rxg7 Bg6 25. Nf4 Bf8 26. Rg8 Be4 27.
Nd3 Bg6 28. Bg5 Ra8 29. Nc5+ Kc6 30. Ke3 Re8 31. Ne4 Kb7 32. Nc5+ Kc6 33. f4 f6
34. Nxe6 Rxe6 35. Rxf8 fxg5 36. f5 Bxf5 37. Rxf5 Kd5 38. Rxg5 Rh6 39. Rg2 Rh3+
40. Kd2 c5 41. Re2 cxd4 42. e6 1-0

[Event "Mitropa Cup 21st"]
[Site "Leipzig"]
[Date "2002.05.09"]
[Round "7.3"]
[White "Groetz, Harald"]
[Black "Kovacevic, Blazimir"]
[Result "1/2-1/2"]
[WhiteElo "2353"]
[BlackElo "2461"]
[PlyCount "106"]
[EventDate "2002.05.03"]
[EventType "team-tourn"]
[EventRounds "9"]
[EventCountry "GER"]
[Source "ChessBase"]
[SourceDate "2002.08.12"]
[WhiteTeam "Austria"]
[BlackTeam "Croatia"]
[WhiteTeamCountry "AUT"]
[BlackTeamCountry "CRO"]

1. e4 e6 2. d4 d5 3. Nd2 Nf6 4. e5 Nfd7 5. Bd3 c5 6. c3 Nc6 7. Ne2 a5 8. O-O
cxd4 9. cxd4 Nb6 10. Nf3 h6 11. Nf4 a4 12. Re1 Nb4 13. Bf1 Bd7 14. a3 Nc6 15.
Bd2 Na5 16. Bxa5 Rxa5 17. Nd2 Nc8 18. Qf3 Ne7 19. Bd3 Qb6 20. Qe3 h5 21. h4 g6
22. Nf3 Bh6 23. Ng5 Bb5 24. Bc2 Bxg5 25. hxg5 Kd7 26. Nd3 Bxd3 27. Bxd3 Rc8 28.
Qf4 Ke8 29. Rab1 Rc6 30. g3 Ra8 31. Red1 Nf5 32. Bxf5 exf5 33. Qf3 Ra5 34. b3
axb3 35. Rxb3 Rb5 36. Rdb1 Rxb3 37. Rxb3 Rc1+ 38. Kg2 Qxd4 39. Rxb7 Qe4 40.
Qxe4 dxe4 41. e6 fxe6 42. Rg7 Rc2 43. Kf1 Ra2 44. Rxg6 Kf7 45. Rf6+ Ke7 46. Rh6
Rxa3 47. Rxh5 Kf7 48. Rh6 Ra8 49. Rf6+ Ke7 50. g4 Ra5 51. gxf5 Rxf5 52. Rxf5
exf5 53. f3 exf3 1/2-1/2

[Event "Mitropa Cup 21st"]
[Site "Leipzig"]
[Date "2002.05.09"]
[Round "7.4"]
[White "Brkic, Ante"]
[Black "Pilaj, Herwig"]
[Result "1/2-1/2"]
[WhiteElo "2306"]
[BlackElo "2310"]
[PlyCount "124"]
[EventDate "2002.05.03"]
[EventType "team-tourn"]
[EventRounds "9"]
[EventCountry "GER"]
[Source "ChessBase"]
[SourceDate "2002.08.12"]
[WhiteTeam "Croatia"]
[BlackTeam "Austria"]
[WhiteTeamCountry "CRO"]
[BlackTeamCountry "AUT"]

1. e4 e6 2. d4 d5 3. Nc3 Bb4 4. e5 c5 5. a3 Bxc3+ 6. bxc3 Qa5 7. Bd2 Qa4 8. Nf3
Nc6 9. Be3 f6 10. exf6 Nxf6 11. dxc5 e5 12. Rb1 Qa5 13. Bb5 Qxc3+ 14. Bd2 Qxc5
15. Nxe5 Qd6 16. Nxc6 bxc6 17. Bb4 Qc7 18. O-O cxb5 19. Re1+ Kf7 20. Re7+ Qxe7
21. Bxe7 Kxe7 22. Rxb5 Bd7 23. Rb7 Rhb8 24. Rc7 Rc8 25. Rb7 Rcb8 26. Rc7 Rc8
27. Rb7 a5 28. g4 Rc4 29. f3 h6 30. h4 g5 31. Qd2 Rf4 32. hxg5 hxg5 33. Qe3+
Kf7 34. Qe5 Kg6 35. Qd6 Rd8 36. Qb6 Re8 37. Rxd7 Rxf3 38. Rxd5 Re4 39. Rd2
Rxg4+ 40. Rg2 Rgf4 41. Qb5 g4 42. Qe2 g3 43. Qe1 Ne4 44. Re2 Kf5 45. Qxa5+ Kg4
46. Qd5 Rf1+ 47. Kg2 R1f2+ 48. Rxf2 Rxf2+ 49. Kh1 Rf1+ 50. Kg2 Rf2+ 51. Kg1 Nd2
52. Qd4+ Kf3 53. Qd3+ Kf4 54. Qd4+ Kf3 55. Qf6+ Ke3 56. Qe5+ Kf3 57. Qh5+ Ke3
58. Qe5+ Kf3 59. Qf5+ Ke3 60. Qe6+ Kf3 61. Qh3 Kf4 62. Qh6+ Kf3 1/2-1/2

[Event "Mitropa Cup 21st"]
[Site "Leipzig"]
[Date "2002.05.09"]
[Round "7.1"]
[White "Kalod, Radek"]
[Black "Ruck, Robert"]
[Result "1/2-1/2"]
[WhiteElo "2472"]
[BlackElo "2569"]
[PlyCount "63"]
[EventDate "2002.05.03"]
[EventType "team-tourn"]
[EventRounds "9"]
[EventCountry "GER"]
[Source "ChessBase"]
[SourceDate "2002.08.12"]
[WhiteTeam "Czech Republic"]
[BlackTeam "Hungary"]
[WhiteTeamCountry "CZE"]
[BlackTeamCountry "HUN"]

1. d4 Nf6 2. c4 g6 3. Nc3 d5 4. Nf3 Bg7 5. Bf4 O-O 6. Rc1 dxc4 7. e3 Be6 8. Ng5
Bd5 9. e4 h6 10. exd5 hxg5 11. Bxg5 Nxd5 12. Bxc4 Nb6 13. Bb3 Nc6 14. Ne2 a5
15. a3 a4 16. Ba2 Rc8 17. O-O Nxd4 18. Nxd4 Qxd4 19. Bxe7 Rfe8 20. Bc5 Qxd1 21.
Rcxd1 Re2 22. Bxb6 cxb6 23. Rd7 Rf8 24. f4 Bxb2 25. Rf2 Re1+ 26. Rf1 Rxf1+ 27.
Kxf1 Bxa3 28. Rxb7 Bc5 29. g4 Be3 30. Kg2 Bxf4 31. Rxb6 Be3 32. Rxg6+ 1/2-1/2

[Event "Mitropa Cup 21st"]
[Site "Leipzig"]
[Date "2002.05.09"]
[Round "7.2"]
[White "Berkes, Ferenc"]
[Black "Gross, David"]
[Result "1-0"]
[WhiteElo "2511"]
[BlackElo "2472"]
[PlyCount "87"]
[EventDate "2002.05.03"]
[EventType "team-tourn"]
[EventRounds "9"]
[EventCountry "GER"]
[Source "ChessBase"]
[SourceDate "2002.08.12"]
[WhiteTeam "Hungary"]
[BlackTeam "Czech Republic"]
[WhiteTeamCountry "HUN"]
[BlackTeamCountry "CZE"]

1. Nf3 Nf6 2. c4 g6 3. g3 Bg7 4. Bg2 O-O 5. O-O c6 6. b3 d5 7. Bb2 Bf5 8. d3
Qd7 9. Nbd2 Bh3 10. e4 Bxg2 11. Kxg2 dxe4 12. dxe4 Rd8 13. e5 Ng4 14. Re1 Na6
15. h3 Nh6 16. e6 fxe6 17. Bxg7 Kxg7 18. Qe2 Nf7 19. Ne4 Nc7 20. h4 b6 21. h5
c5 22. hxg6 hxg6 23. Neg5 Qc6 24. Rh1 Rh8 25. Rae1 Nxg5 26. Qe5+ Kf7 27. Qf4+
Kg7 28. Qxg5 Raf8 29. Qxe7+ Rf7 30. Qxf7+ Kxf7 31. Rxh8 Ne8 32. Rh7+ Ng7 33.
Rh4 Nf5 34. Rhe4 Kf6 35. Kh3 Qc8 36. g4 Ng7 37. Rf4+ Ke7 38. Ne5 Qh8+ 39. Kg3
Qh6 40. Nf7 Qh7 41. Ng5 Qh6 42. Rf7+ Kd8 43. f4 Kc8 44. Rxa7 1-0

[Event "Mitropa Cup 21st"]
[Site "Leipzig"]
[Date "2002.05.09"]
[Round "7.3"]
[White "Cvek, Robert"]
[Black "Horvath, Adam"]
[Result "1/2-1/2"]
[WhiteElo "2430"]
[BlackElo "2464"]
[PlyCount "37"]
[EventDate "2002.05.03"]
[EventType "team-tourn"]
[EventRounds "9"]
[EventCountry "GER"]
[Source "ChessBase"]
[SourceDate "2002.08.12"]
[WhiteTeam "Czech Republic"]
[BlackTeam "Hungary"]
[WhiteTeamCountry "CZE"]
[BlackTeamCountry "HUN"]

1. d4 d5 2. Nf3 Nf6 3. c4 dxc4 4. e3 e6 5. Bxc4 a6 6. a4 c5 7. O-O Nc6 8. Nc3
Be7 9. dxc5 Qc7 10. e4 Bxc5 11. h3 O-O 12. Qe2 Nd4 13. Nxd4 Bxd4 14. Rd1 Be5
15. Be3 Bd7 16. Bd4 Rac8 17. Bxe5 Qxe5 18. Bd3 Bc6 19. Qe3 1/2-1/2

[Event "Mitropa Cup 21st"]
[Site "Leipzig"]
[Date "2002.05.09"]
[Round "7.4"]
[White "Czebe, Attila"]
[Black "Jirka, Jiri"]
[Result "1-0"]
[WhiteElo "2462"]
[BlackElo "2398"]
[PlyCount "63"]
[EventDate "2002.05.03"]
[EventType "team-tourn"]
[EventRounds "9"]
[EventCountry "GER"]
[Source "ChessBase"]
[SourceDate "2002.08.12"]
[WhiteTeam "Hungary"]
[BlackTeam "Czech Republic"]
[WhiteTeamCountry "HUN"]
[BlackTeamCountry "CZE"]

1. c4 Nf6 2. Nc3 d5 3. cxd5 Nxd5 4. d4 Nxc3 5. bxc3 e5 6. Nf3 e4 7. Ng5 Qd5 8.
Qc2 Bf5 9. Qb3 Qxb3 10. axb3 Be7 11. f3 exf3 12. gxf3 Bc2 13. b4 h6 14. Nh3 O-O
15. e4 Nd7 16. Rg1 Kh8 17. Ra3 Nb6 18. Bf4 Bd6 19. Bxd6 cxd6 20. c4 Rfe8 21.
Nf2 d5 22. c5 Nc4 23. Bxc4 dxc4 24. Kd2 Bb3 25. Kc3 Re6 26. f4 Rf6 27. f5 h5
28. Rg5 g6 29. e5 Rxf5 30. Rxf5 gxf5 31. b5 Rg8 32. c6 1-0

[Event "Mitropa Cup 21st"]
[Site "Leipzig"]
[Date "2002.05.09"]
[Round "7.2"]
[White "Touzane, Olivier"]
[Black "Jenni, Florian"]
[Result "0-1"]
[WhiteElo "2352"]
[BlackElo "2508"]
[PlyCount "76"]
[EventDate "2002.05.03"]
[EventType "team-tourn"]
[EventRounds "9"]
[EventCountry "GER"]
[Source "ChessBase"]
[SourceDate "2002.08.12"]
[WhiteTeam "France"]
[BlackTeam "Switzerland"]
[WhiteTeamCountry "FRA"]
[BlackTeamCountry "SUI"]

1. d4 Nf6 2. Nf3 g6 3. g3 Bg7 4. Bg2 O-O 5. O-O d6 6. a4 a5 7. Nbd2 d5 8. Ne5
c6 9. c3 Nbd7 10. Nxd7 Bxd7 11. Qb3 Qc8 12. Re1 Be6 13. Nf3 Ne4 14. Qa3 f6 15.
Nd2 Nd6 16. b3 Bh3 17. Bh1 Qe6 18. Qa2 f5 19. Nf3 Ne4 20. Ng5 Nxg5 21. Bxg5 h6
22. Bc1 Rf7 23. f4 Bf6 24. Kf2 g5 25. e3 h5 26. Ba3 Rh7 27. Qd2 h4 28. Rac1 Kg7
29. c4 hxg3+ 30. hxg3 Rah8 31. cxd5 cxd5 32. Qd3 Bg4 33. Bg2 Rh2 34. Rh1 gxf4
35. exf4 Be2 36. Qd2 Rxg2+ 37. Kxg2 Qe4+ 38. Kf2 Qf3+ 0-1

[Event "Mitropa Cup 21st"]
[Site "Leipzig"]
[Date "2002.05.09"]
[Round "7.4"]
[White "Gozzoli, Yannick"]
[Black "Moor, Olivier"]
[Result "0-1"]
[WhiteElo "2313"]
[BlackElo "2346"]
[PlyCount "112"]
[EventDate "2002.05.03"]
[EventType "team-tourn"]
[EventRounds "9"]
[EventCountry "GER"]
[Source "ChessBase"]
[SourceDate "2002.08.12"]
[WhiteTeam "France"]
[BlackTeam "Switzerland"]
[WhiteTeamCountry "FRA"]
[BlackTeamCountry "SUI"]

1. d4 Nf6 2. c4 e6 3. Nc3 d5 4. Nf3 Nbd7 5. Qc2 dxc4 6. e4 c5 7. d5 Nb6 8. Bg5
exd5 9. exd5 h6 10. Qe2+ Qe7 11. Bxf6 Qxe2+ 12. Bxe2 gxf6 13. O-O-O Bf5 14. Nh4
Bh7 15. f4 Bd6 16. g3 f5 17. Rhe1 O-O-O 18. Bf1 Rhe8 19. Bh3 Rxe1 20. Rxe1 a6
21. a4 Bf8 22. Nxf5 Bxf5 23. Bxf5+ Kc7 24. Re5 Bd6 25. a5 Nd7 26. Re4 Nf6 27.
Rxc4 Bf8 28. Be4 Ng4 29. Bf3 Nxh2 30. Be2 Kb8 31. Bh5 f5 32. Bg6 Nf1 33. Ra4
Nxg3 34. Kd2 Bd6 35. Ke3 h5 36. Kf3 h4 37. Bf7 Rh8 38. Ra1 Nh5 39. Ne2 Nf6 40.
Be6 Bc7 41. Nc3 Nh5 42. Ne2 Ng7 43. Rg1 Nxe6 44. dxe6 Bxa5 45. Rg5 Re8 46. Rxf5
Rxe6 47. Rh5 Bd8 48. Rxc5 Bb6 49. Rc2 Re3+ 50. Kg4 Bd8 51. Nc3 Rg3+ 52. Kf5 b5
53. Ne4 Rg8 54. Ng5 Kb7 55. Rh2 Rf8+ 56. Kg6 Rxf4 0-1

[Event "Mitropa Cup 21st"]
[Site "Leipzig"]
[Date "2002.05.09"]
[Round "7.1"]
[White "Beliavsky, Alexander G"]
[Black "Lutz, Christopher"]
[Result "1-0"]
[WhiteElo "2660"]
[BlackElo "2644"]
[Annotator "Stohl,I"]
[PlyCount "79"]
[EventDate "2002.05.03"]
[EventType "team-tourn"]
[EventRounds "9"]
[EventCountry "GER"]
[Source "ChessBase"]
[SourceDate "2002.08.12"]
[WhiteTeam "Slovenia"]
[BlackTeam "Germany"]
[WhiteTeamCountry "SLO"]
[BlackTeamCountry "GER"]

1. Nf3 Nf6 2. c4 e6 3. Nc3 c5 4. g3 b6 5. Bg2 Bb7 6. O-O Be7 7. Re1 Ne4 8. Nxe4
Bxe4 9. d3 Bb7 10. e4 Nc6 {Black goes for a simplified position.} (10... O-O
11. d4 cxd4 12. Nxd4 d6 13. b3 a6 14. Be3 (14. Bb2 $142 $5 $14) 14... Nd7 15.
f4 Re8 16. Bf2 Qc7 17. Rc1 Bf6 18. Qd2 Rad8 19. g4 Nc5 20. b4 g6 21. Nc2 Nd7
22. g5 Bg7 23. Ne3 {Vallejo Pons,F-Adams,M/Linares/2002/} f5 $5 $132) 11. d4
cxd4 12. Nxd4 Nxd4 13. Qxd4 O-O 14. Rd1 {If White wants to limit Black's
potential <=>, connected with timely pawn breaks (b5, d5, f5), he must play
very accurately.} ({The most usual move is} 14. Bf4 {This will put the Pd6
under pressure, but on f4 the B stands in the way of a >>P advance.} d6 (14...
Bc5 $5 15. Qd3 Qe7 16. e5 Bxg2 17. Kxg2 f6 18. Rad1 fxe5 19. Rxe5 d6 20. Re2
Qb7+ 21. Qe4 Qxe4+ 22. Rxe4 Rf6 23. Be3 Bxe3 24. Rxe3 Rd8 25. Red3 e5 26. Rd5
Re6 $11 {Gurevich,M-Roeder,M/BL-2W 9596/1996/}) 15. Qd3 Qc7 16. Rac1 (16. Rad1
Rfd8 17. b3 Bc6 18. Qe2 Qb7 19. h4 {1/2,Ivanov,I-Yermolinsky,A/American op/
1996/} b5 $132) 16... a5 17. Red1 Rfd8 18. Be3 Bc6 19. Qb3 Rab8 20. Bd4 Qb7 21.
Re1 e5 22. Bc3 a4 23. Qd1 f5 24. b4 axb3 25. axb3 fxe4 26. Qg4 {Kortschnoj,
V-Ftacnik,L/Ostrava/1994/} b5 $5 $11) (14. b3 Bc5 15. Qc3 Qe7 (15... f5 $5 16.
exf5 Bxg2 17. Kxg2 Rxf5 18. f4 Qf6 19. Bd2 d5 {Schlosser,P-Yermolinsky,A/
Groningen/1996/} 20. Qxf6 Rxf6 21. cxd5 exd5 $11) 16. a3 a5 17. Bb2 f6 18. Re2
Bc6 19. a4 Qf7 20. Ba3 Qh5 21. Rd2 Rf7 22. Bxc5 Qxc5 23. Rad1 Raf8 24. Qd4 Qxd4
25. Rxd4 Rb8 26. Rd6 Rb7 27. f4 Kf8 28. e5 Bxg2 29. Kxg2 fxe5 30. fxe5 Ke7 31.
Rf1 Rxf1 32. Kxf1 Rb8 33. Ke2 Kd8 34. Rd4 Ke7 $11 {Vaganian,R-Yermolinsky,A/
Tilburg/1993/}) 14... d6 15. a4 $5 $146 {Beliavsky applies a new and
interesting plan, his B aims not for f4, but b4.} (15. Qe3 Qc7 16. b3 Qc5 17.
Qe2 Bf6 18. Be3 Qc7 19. Bd4 Be7 20. Bb2 Rad8 21. Rd3 Bc6 22. Rad1 b5 23. R3d2
Qb7 24. cxb5 Bxb5 25. Qe3 Rd7 26. Ba3 Rfd8 27. Bxd6 Rxd6 28. Rxd6 Rxd6 29. Rxd6
Bxd6 30. e5 Qa6 31. exd6 Qxd6 32. h4 a6 $11 {Tukmakov,V-Gheorghiu,F/Crans
Montana/2000/}) 15... Qc7 16. Ra2 $1 Bc6 $6 {Black reacts passively and lets
White accomplish his setup.} (16... f5 $142 $5 17. exf5 Bxg2 18. Kxg2 Qc6+ 19.
f3 Rxf5 $132) 17. b3 Rfd8 ({Now already} 17... f5 18. Re2 $5 (18. exf5 $14)
18... Qb7 19. Bb2 Rf7 20. Qd3 $14 {isn't ideal.}) 18. Ba3 Rd7 19. Rad2 Rad8 20.
Qe3 Qb7 21. f4 $14 {() Finally stops any ideas connected with f5.} h6 22. h4 a6
23. Bb4 $1 Bf8 (23... b5 $6 24. cxb5 axb5 25. a5 $14 {[%csl Ga5][%cal Gc1c8] /
+/-,o^a,<->c}) (23... d5 $6 24. Bxe7 Rxe7 25. Qf2 $16 (25. Qd4 $16)) 24. Kh2 {
The pawn breaks are stopped and White enjoys more space without any
significant <=> from Black. But he must still find an active plan to increase
his edge. Beliavsky carefully prepares his [+] action.} Be7 25. Qe2 Bf8 26. Rd3
Qa8 27. R1d2 Qb7 28. Qe1 {White continues manoeuvring and improves the
placement of his Q. But interesting was also the immediate} (28. f5 $5 {/\} Re8
29. f6 $1 gxf6 30. Bxd6 $40) 28... Qa8 29. Qh1 $1 (29. f5 $2 exf5 30. exf5 Bxg2
31. Rxg2 a5 32. Ba3 d5 $11) 29... Qc8 (29... Qb7 30. f5 (30. e5 $5 Bxg2 31.
Qxg2 d5 32. Bxf8 Kxf8 33. f5 $36) 30... b5 (30... exf5 31. exf5 Bxg2 32. Qxg2
Qxg2+ 33. Kxg2 {[%cal Rd3d5,Ra4a5] Rd5,a5+/-}) 31. cxb5 axb5 32. a5 exf5 33.
exf5 Bxg2 34. Qxg2 d5 35. Bxf8 Kxf8 36. b4 $14) 30. f5 Re8 $6 {Now this move,
indicated in a note above, enables a powerful [+] thrust.} (30... Qb7 31. fxe6
(31. e5 Bxg2 32. Qxg2 Qxg2+ 33. Kxg2 d5 $11) (31. Bc3 b5 $132) 31... fxe6 32.
Bf3 $14 {[%csl Rd6,Re6][%cal Yh1g2,Yg2h3] /\Qg2-h3,><e6,d6}) 31. e5 $1 $36 Bxg2
(31... d5 $5 32. Bxf8 Rxf8 33. fxe6 (33. cxd5 Bxd5 34. fxe6 $1 $16) 33... fxe6
34. cxd5 Bxd5 35. Bxd5 exd5 36. Rxd5 $16 (36. Qg2 $5 $16)) 32. Qxg2 exf5 (32...
d5 33. Bxf8 Rxf8 34. fxe6 $16 {/+-}) 33. exd6 {[%csl Gd6] o^d6} Re4 $2 {Only
this is the decisive mistake.} ({Black could still have put up very tough
resistance with} 33... Qd8 $142 $1 34. Qf3 $5 (34. Rd5 $6 Re3 $36) (34. c5 bxc5
35. Bxc5 f4 $132) 34... g6 $16 {/<=>}) 34. Qf2 b5 (34... f4 $142 35. gxf4 Qd8
36. Ba3 $16 {/+-}) 35. Qxf5 Qb7 36. axb5 axb5 37. Rd5 $18 Re1 38. c5 {[%csl
Gc5,Gd6] o^c,d} Qa7 39. Re5 g6 40. Qxd7 $1 (40. Qxd7 Qxd7 41. Rxe1 $18 {[%cal
Rc5c6,Rd6d7] /\c6,d7}) 1-0